000 00422pab a2200157 454500
008 180718b1999 xxu||||| |||| 00| 0 eng d
100 _aMamkoottam, Kuriakose
245 _aProductivity agreements and industrial relations in India
260 _c1999
300 _ap.27-61
362 _aJul-Dec
650 _aLabour relations - India
650 _aLabour relations
773 _aManagement and Change
909 _a43710
999 _c43710
_d43710